[Event "ODJM C 2024"]
[Site "Willingen GER"]
[Date "2024.05.22"]
[Round "5"]
[White "Trenkelbach, Silas"]
[Black "Betz, Niclas"]
[Result "1/2-1/2"]
[Termination "normal"]
[Board "6"]
[WhiteElo "1265"]
[BlackElo "1658"]
[WhiteClock "00:12:18"]
[BlackClock "01:26:50"]
[PlyCount "122"]
[WhiteFideId "34621237"]
[BlackFideId "34616748"]
[EventCountry "GER"]
[EventRounds "9"]
[EventType "swiss"]
[EventDate "2024.05.18"]

1. e4 {[%clk 01:30:58]} {[%emt 00:00:01]} c5 {[%clk 01:30:55]} {[%emt
00:00:06]} 2. Nf3 {[%clk 01:31:11]} {[%emt 00:00:17]} d6 {[%clk 01:31:19]}
{[%emt 00:00:06]} 3. d4 {[%clk 01:31:33]} {[%emt 00:00:08]} cxd4 {[%clk
01:31:43]} {[%emt 00:00:05]} 4. Nxd4 {[%clk 01:31:58]} {[%emt 00:00:05]} Nf6
{[%clk 01:32:04]} {[%emt 00:00:09]} 5. Nc3 {[%clk 01:32:08]} {[%emt 00:00:20]}
a6 {[%clk 01:32:29]} {[%emt 00:00:05]} 6. Be2 {[%clk 01:32:09]} {[%emt
00:00:29]} e6 {[%clk 01:32:49]} {[%emt 00:00:10]} 7. f4 {[%clk 01:31:32]}
{[%emt 00:01:07]} Be7 {[%clk 01:33:11]} {[%emt 00:00:08]} 8. Be3 {[%clk
01:30:19]} {[%emt 00:01:43]} O-O {[%clk 01:33:33]} {[%emt 00:00:08]} 9. O-O
{[%clk 01:30:42]} {[%emt 00:00:07]} Nc6 {[%clk 01:33:57]} {[%emt 00:03:11]} 10.
Qe1 {[%clk 01:27:14]} {[%emt 00:00:53]} Nxd4 {[%clk 01:34:20]} {[%emt
00:00:07]} 11. Bxd4 {[%clk 01:27:05]} {[%emt 00:00:39]} b5 {[%clk 01:34:41]}
{[%emt 00:00:10]} 12. a3 {[%clk 01:24:19]} {[%emt 00:03:16]} Bb7 {[%clk
01:34:59]} {[%emt 00:00:12]} 13. Bf3 {[%clk 01:21:12]} {[%emt 00:03:37]} Re8
{[%clk 01:34:42]} {[%emt 00:00:46]} 14. Rd1 {[%clk 01:20:36]} {[%emt 00:01:06]}
Qc7 {[%clk 01:34:47]} {[%emt 00:00:25]} 15. Qe3 {[%clk 01:15:51]} {[%emt
00:05:16]} Bf8 {[%clk 01:34:46]} {[%emt 00:00:30]} 16. Rfe1 {[%clk 01:04:25]}
{[%emt 00:11:57]} e5 {[%clk 01:35:06]} {[%emt 00:00:10]} 17. fxe5 {[%clk
01:03:38]} {[%emt 00:01:16]} dxe5 {[%clk 01:35:24]} {[%emt 00:00:12]} 18. Bb6
{[%clk 01:03:53]} {[%emt 00:00:15]} Qc6 {[%clk 01:34:39]} {[%emt 00:01:15]} 19.
Qf2 {[%clk 01:00:41]} {[%emt 00:03:42]} Nd7 {[%clk 01:34:54]} {[%emt 00:00:15]}
20. Be3 {[%clk 01:00:46]} {[%emt 00:00:25]} Bc5 {[%clk 01:35:06]} {[%emt
00:00:18]} 21. Bxc5 {[%clk 00:56:09]} {[%emt 00:05:08]} Nxc5 {[%clk 01:35:25]}
{[%emt 00:00:10]} 22. Rd5 {[%clk 00:52:59]} {[%emt 00:03:40]} Ne6 {[%clk
01:32:22]} {[%emt 00:03:14]} 23. Rxe5 {[%clk 00:49:18]} {[%emt 00:04:31]} Qc7
{[%clk 01:30:32]} {[%emt 00:02:20]} 24. Rh5 {[%clk 00:44:49]} {[%emt 00:04:57]}
g6 {[%clk 01:30:02]} {[%emt 00:01:02]} 25. Rh3 {[%clk 00:44:03]} {[%emt
00:01:16]} Nf4 {[%clk 01:29:28]} {[%emt 00:01:04]} 26. Rg3 {[%clk 00:43:18]}
{[%emt 00:01:11]} Qe5 {[%clk 01:28:35]} {[%emt 00:01:25]} 27. Bd1 {[%clk
00:38:01]} {[%emt 00:05:49]} a5 {[%clk 01:27:33]} {[%emt 00:01:32]} 28. Qb6
{[%clk 00:33:34]} {[%emt 00:04:56]} Rab8 {[%clk 01:24:36]} {[%emt 00:03:28]}
29. Rge3 {[%clk 00:29:24]} {[%emt 00:04:40]} Bxe4 {[%clk 01:20:55]} {[%emt
00:04:10]} 30. Rxe4 {[%clk 00:27:02]} {[%emt 00:02:52]} Qxe4 {[%clk 01:20:56]}
{[%emt 00:00:29]} 31. Rxe4 {[%clk 00:27:11]} {[%emt 00:00:21]} Rxb6 {[%clk
01:20:04]} {[%emt 00:01:23]} 32. Rxe8+ {[%clk 00:27:23]} {[%emt 00:00:17]} Kg7
{[%clk 01:20:33]} 33. Re5 {[%clk 00:25:44]} {[%emt 00:02:03]} b4 {[%clk
01:19:38]} {[%emt 00:01:32]} 34. axb4 {[%clk 00:25:29]} {[%emt 00:00:45]} axb4
{[%clk 01:20:06]} {[%emt 00:00:03]} 35. Nd5 {[%clk 00:24:49]} {[%emt 00:01:10]}
Nxd5 {[%clk 01:19:56]} {[%emt 00:00:39]} 36. Rxd5 {[%clk 00:25:14]} {[%emt
00:00:05]} Re6 {[%clk 01:19:52]} {[%emt 00:00:34]} 37. Kf2 {[%clk 00:24:33]}
{[%emt 00:00:47]} Re4 {[%clk 01:20:21]} {[%emt 00:00:25]} 38. c3 {[%clk
00:24:01]} {[%emt 00:01:02]} bxc3 {[%clk 01:20:43]} {[%emt 00:00:07]} 39. bxc3
{[%clk 00:24:14]} {[%emt 00:00:17]} Rc4 {[%clk 01:20:56]} {[%emt 00:00:18]} 40.
Rd4 {[%clk 00:24:11]} {[%emt 00:00:33]} Rxc3 {[%clk 01:21:10]} {[%emt
00:00:16]} 41. Rf4 {[%clk 00:23:38]} {[%emt 00:00:59]} Rc1 {[%clk 01:21:16]}
{[%emt 00:00:28]} 42. Bf3 {[%clk 00:22:17]} {[%emt 00:01:50]} Rc2+ {[%clk
01:21:38]} {[%emt 00:00:10]} 43. Kg3 {[%clk 00:22:35]} {[%emt 00:00:10]} h5
{[%clk 01:22:28]} {[%emt 00:00:29]} 44. h4 {[%clk 00:21:30]} {[%emt 00:01:47]}
f6 {[%clk 01:21:43]} {[%emt 00:01:15]} 45. Kh3 {[%clk 00:20:28]} {[%emt
00:01:32]} g5 {[%clk 01:22:03]} {[%emt 00:00:11]} 46. hxg5 {[%clk 00:19:13]}
{[%emt 00:01:45]} fxg5 {[%clk 01:22:23]} {[%emt 00:00:08]} 47. Rd4 {[%clk
00:17:05]} {[%emt 00:02:39]} g4+ {[%clk 01:22:44]} {[%emt 00:00:09]} 48. Bxg4
{[%clk 00:17:07]} {[%emt 00:00:28]} hxg4+ {[%clk 01:23:06]} {[%emt 00:00:08]}
49. Rxg4+ {[%clk 00:17:22]} {[%emt 00:00:14]} Kf6 {[%clk 01:23:27]} {[%emt
00:00:11]} 50. Kh4 {[%clk 00:17:31]} {[%emt 00:00:16]} Rd2 {[%clk 01:23:41]}
{[%emt 00:00:20]} 51. Kh3 {[%clk 00:16:21]} {[%emt 00:01:40]} Kf5 {[%clk
01:23:51]} {[%emt 00:00:20]} 52. g3 {[%clk 00:15:39]} {[%emt 00:01:13]} Rd8
{[%clk 01:24:14]} {[%emt 00:00:06]} 53. Ra4 {[%clk 00:14:04]} {[%emt 00:02:05]}
Rh8+ {[%clk 01:24:33]} {[%emt 00:00:11]} 54. Kg2 {[%clk 00:14:27]} {[%emt
00:00:07]} Rg8 {[%clk 01:24:42]} {[%emt 00:00:21]} 55. Kf3 {[%clk 00:14:39]}
{[%emt 00:00:17]} Rf8 {[%clk 01:24:50]} {[%emt 00:00:23]} 56. g4+ {[%clk
00:14:21]} {[%emt 00:00:47]} Kg5+ {[%clk 01:25:13]} {[%emt 00:00:07]} 57. Kg3
{[%clk 00:14:39]} {[%emt 00:00:13]} Rf1 {[%clk 01:25:35]} {[%emt 00:00:09]} 58.
Ra5+ {[%clk 00:14:31]} {[%emt 00:00:36]} Kg6 {[%clk 01:25:58]} {[%emt
00:00:08]} 59. Kg2 {[%clk 00:14:43]} {[%emt 00:00:16]} Rd1 {[%clk 01:26:20]}
{[%emt 00:00:09]} 60. g5 {[%clk 00:13:18]} {[%emt 00:01:55]} Rc1 {[%clk
01:26:33]} {[%emt 00:00:17]} 61. Kf3 {[%clk 00:12:18]} {[%emt 00:01:29]} Rf1+
{[%clk 01:26:50]} {[%emt 00:00:15]} 1/2-1/2

[Event "ODJM C 2024"]
[Site "Willingen GER"]
[Date "2024.05.22"]
[Round "5"]
[White "Classen, Miguel"]
[Black "Stopp, Bruno"]
[Result "1-0"]
[Termination "normal"]
[Board "7"]
[WhiteElo "1519"]
[BlackElo "1249"]
[WhiteClock "00:45:55"]
[BlackClock "00:04:02"]
[PlyCount "101"]
[WhiteFideId "34623825"]
[BlackFideId "34640347"]
[EventCountry "GER"]
[EventRounds "9"]
[EventType "swiss"]
[EventDate "2024.05.18"]

1. e4 {[%clk 01:30:57]} {[%emt 00:00:02]} e5 {[%clk 01:30:54]} {[%emt
00:00:06]} 2. Nf3 {[%clk 01:31:24]} {[%emt 00:00:03]} Nc6 {[%clk 01:31:15]}
{[%emt 00:00:09]} 3. Bc4 {[%clk 01:31:50]} {[%emt 00:00:05]} Bc5 {[%clk
01:31:31]} {[%emt 00:00:12]} 4. c3 {[%clk 01:32:12]} {[%emt 00:00:09]} Nf6
{[%clk 01:31:45]} {[%emt 00:00:16]} 5. d4 {[%clk 01:32:32]} {[%emt 00:00:10]}
exd4 {[%clk 01:32:02]} {[%emt 00:00:12]} 6. e5 {[%clk 01:32:52]} {[%emt
00:00:11]} d5 {[%clk 01:31:06]} {[%emt 00:01:25]} 7. Bb5 {[%clk 01:33:08]}
{[%emt 00:00:15]} Ne4 {[%clk 01:30:32]} {[%emt 00:01:02]} 8. cxd4 {[%clk
01:33:23]} {[%emt 00:00:16]} Bb4+ {[%clk 01:29:14]} {[%emt 00:01:27]} 9. Bd2
{[%clk 01:33:43]} {[%emt 00:00:32]} Bxd2+ {[%clk 01:29:03]} {[%emt 00:00:40]}
10. Nbxd2 {[%clk 01:34:07]} {[%emt 00:00:07]} Bg4 {[%clk 01:28:34]} {[%emt
00:01:03]} 11. Qc2 {[%clk 01:32:30]} {[%emt 00:02:03]} Nxd2 {[%clk 01:22:28]}
{[%emt 00:06:36]} 12. Nxd2 {[%clk 01:31:13]} {[%emt 00:01:47]} Qd7 {[%clk
01:21:10]} {[%emt 00:01:47]} 13. O-O {[%clk 01:30:09]} {[%emt 00:01:35]} O-O
{[%clk 01:18:49]} {[%emt 00:02:50]} 14. Rac1 {[%clk 01:27:11]} {[%emt
00:03:29]} Rab8 {[%clk 01:17:41]} {[%emt 00:01:38]} 15. b3 {[%clk 01:26:50]}
{[%emt 00:00:51]} f6 {[%clk 01:00:40]} {[%emt 00:17:31]} 16. Bxc6 {[%clk
01:21:24]} {[%emt 00:05:57]} bxc6 {[%clk 00:58:52]} {[%emt 00:02:17]} 17. Qxc6
{[%clk 01:21:44]} {[%emt 00:00:10]} Qf5 {[%clk 00:57:45]} {[%emt 00:01:33]} 18.
Qxd5+ {[%clk 01:19:28]} {[%emt 00:02:49]} Kh8 {[%clk 00:56:01]} {[%emt
00:02:12]} 19. Rxc7 {[%clk 01:18:17]} {[%emt 00:01:45]} fxe5 {[%clk 00:41:56]}
{[%emt 00:14:34]} 20. Qxe5 {[%clk 01:18:24]} {[%emt 00:00:23]} Qg6 {[%clk
00:38:34]} {[%emt 00:03:46]} 21. h4 {[%clk 01:12:36]} {[%emt 00:06:24]} Rbe8
{[%clk 00:30:41]} {[%emt 00:08:20]} 22. Qg5 {[%clk 01:10:53]} {[%emt 00:02:16]}
Qxg5 {[%clk 00:30:20]} {[%emt 00:00:51]} 23. hxg5 {[%clk 01:11:13]} {[%emt
00:00:10]} Re2 {[%clk 00:30:38]} {[%emt 00:00:11]} 24. Rc2 {[%clk 01:08:30]}
{[%emt 00:03:13]} Bf5 {[%clk 00:30:09]} {[%emt 00:01:00]} 25. Rb2 {[%clk
01:08:48]} {[%emt 00:00:12]} Bd3 {[%clk 00:27:46]} {[%emt 00:02:50]} 26. f3
{[%clk 01:06:51]} {[%emt 00:02:30]} Rd8 {[%clk 00:27:19]} {[%emt 00:00:57]} 27.
Rf2 {[%clk 01:01:52]} {[%emt 00:05:29]} Re1+ {[%clk 00:24:17]} {[%emt
00:03:32]} 28. Kh2 {[%clk 01:01:25]} {[%emt 00:00:57]} Rxd4 {[%clk 00:23:41]}
{[%emt 00:01:06]} 29. Ne4 {[%clk 01:00:19]} {[%emt 00:01:35]} Bxe4 {[%clk
00:22:02]} {[%emt 00:02:09]} 30. fxe4 {[%clk 00:59:11]} {[%emt 00:01:38]} g6
{[%clk 00:15:26]} {[%emt 00:07:07]} 31. Rbe2 {[%clk 00:59:21]} {[%emt
00:00:20]} Rxe4 {[%clk 00:15:17]} {[%emt 00:00:39]} 32. Rxe4 {[%clk 00:59:22]}
{[%emt 00:00:28]} Rxe4 {[%clk 00:15:40]} {[%emt 00:00:07]} 33. Rb2 {[%clk
00:58:27]} {[%emt 00:01:25]} Re5 {[%clk 00:14:50]} {[%emt 00:01:19]} 34. b4
{[%clk 00:58:42]} {[%emt 00:00:17]} Rxg5 {[%clk 00:15:06]} {[%emt 00:00:14]}
35. a4 {[%clk 00:59:03]} {[%emt 00:00:08]} Rg4 {[%clk 00:15:04]} {[%emt
00:00:29]} 36. a5 {[%clk 00:59:25]} {[%emt 00:00:13]} a6 {[%clk 00:15:16]}
{[%emt 00:00:17]} 37. b5 {[%clk 00:58:51]} {[%emt 00:01:04]} axb5 {[%clk
00:14:53]} {[%emt 00:00:53]} 38. Rxb5 {[%clk 00:59:14]} {[%emt 00:00:08]} Ra4
{[%clk 00:14:59]} {[%emt 00:00:23]} 39. Kg3 {[%clk 00:54:13]} {[%emt 00:05:30]}
Kg7 {[%clk 00:14:39]} {[%emt 00:00:51]} 40. Rb7+ {[%clk 00:52:38]} {[%emt
00:02:05]} Kg8 {[%clk 00:14:06]} {[%emt 00:01:01]} 41. Ra7 {[%clk 00:52:24]}
{[%emt 00:00:46]} h6 {[%clk 00:12:56]} {[%emt 00:01:03]} 42. a6 {[%clk
00:51:58]} {[%emt 00:01:33]} Ra3+ {[%clk 00:13:13]} {[%emt 00:00:13]} 43. Kh2
{[%clk 00:51:30]} {[%emt 00:00:57]} g5 {[%clk 00:13:00]} {[%emt 00:00:43]} 44.
g4 {[%clk 00:49:18]} {[%emt 00:02:42]} Kf8 {[%clk 00:13:05]} {[%emt 00:00:23]}
45. Ra8+ {[%clk 00:45:17]} {[%emt 00:04:34]} Ke7 {[%clk 00:12:33]} {[%emt
00:00:58]} 46. a7 {[%clk 00:45:16]} {[%emt 00:00:36]} Ra2+ {[%clk 00:12:55]}
{[%emt 00:00:07]} 47. Kg3 {[%clk 00:45:22]} {[%emt 00:00:24]} Ra3+ {[%clk
00:13:17]} {[%emt 00:00:08]} 48. Kf2 {[%clk 00:45:36]} {[%emt 00:00:15]} Ra2+
{[%clk 00:13:36]} {[%emt 00:00:11]} 49. Ke3 {[%emt 00:00:58]} Kd7 {[%clk
00:04:14]} {[%emt 00:09:15]} 50. Rh8 {[%clk 00:45:32]} {[%emt 00:00:44]} Rxa7
{[%clk 00:04:02]} {[%emt 00:00:42]} 51. Rh7+ {[%clk 00:45:55]} {[%emt
00:00:07]} 1-0

[Event "ODJM C 2024"]
[Site "Willingen GER"]
[Date "2024.05.22"]
[Round "5"]
[White "Albrecht, Sidney Jenna"]
[Black "Weibrecht, Theo"]
[Result "0-1"]
[Termination "normal"]
[Board "8"]
[WhiteElo "1616"]
[BlackElo "1596"]
[WhiteClock "00:17:43"]
[BlackClock "00:35:35"]
[PlyCount "66"]
[WhiteFideId "34660283"]
[BlackFideId "34660240"]
[EventCountry "GER"]
[EventRounds "9"]
[EventType "swiss"]
[EventDate "2024.05.18"]

1. c4 {[%clk 01:30:57]} {[%emt 00:00:01]} c5 {[%clk 01:30:53]} {[%emt
00:00:07]} 2. Nf3 {[%clk 01:31:13]} {[%emt 00:00:14]} Nc6 {[%clk 01:31:00]}
{[%emt 00:00:24]} 3. g3 {[%clk 01:31:06]} {[%emt 00:00:37]} g6 {[%clk
01:31:24]} {[%emt 00:00:06]} 4. Bg2 {[%clk 01:29:55]} {[%emt 00:01:41]} Bg7
{[%clk 01:31:43]} {[%emt 00:00:12]} 5. O-O {[%clk 01:29:35]} {[%emt 00:00:49]}
d6 {[%clk 01:32:08]} {[%emt 00:00:04]} 6. Nc3 {[%clk 01:28:40]} {[%emt
00:01:26]} Bd7 {[%clk 01:32:27]} {[%emt 00:00:11]} 7. Re1 {[%clk 01:27:45]}
{[%emt 00:01:25]} Qc8 {[%clk 01:32:46]} {[%emt 00:01:07]} 8. e3 {[%clk
01:26:17]} {[%emt 00:01:02]} h5 {[%clk 01:32:35]} {[%emt 00:00:41]} 9. d4
{[%clk 01:21:42]} {[%emt 00:05:04]} cxd4 {[%clk 01:29:22]} {[%emt 00:03:44]}
10. exd4 {[%clk 01:21:07]} {[%emt 00:01:04]} Nh6 {[%clk 01:29:17]} {[%emt
00:00:36]} 11. Nb5 {[%clk 01:15:24]} {[%emt 00:06:14]} Qb8 {[%clk 01:24:01]}
{[%emt 00:05:40]} 12. Qe2 {[%clk 01:07:14]} {[%emt 00:08:45]} a6 {[%clk
01:15:54]} {[%emt 00:08:37]} 13. Ng5 {[%clk 01:01:12]} {[%emt 00:06:31]} O-O
{[%clk 01:07:48]} {[%emt 00:08:37]} 14. d5 {[%clk 00:55:38]} {[%emt 00:06:04]}
axb5 {[%clk 01:06:42]} {[%emt 00:01:36]} 15. dxc6 {[%clk 00:55:31]} {[%emt
00:00:37]} bxc6 {[%clk 01:06:04]} {[%emt 00:01:08]} 16. cxb5 {[%clk 00:54:10]}
{[%emt 00:01:52]} Qc7 {[%clk 01:04:29]} {[%emt 00:02:01]} 17. Bf4 {[%clk
00:49:21]} {[%emt 00:05:21]} e5 {[%clk 00:53:08]} {[%emt 00:11:52]} 18. bxc6
{[%clk 00:47:54]} {[%emt 00:01:57]} Bxc6 {[%clk 00:52:16]} {[%emt 00:01:21]}
19. Rac1 {[%clk 00:46:38]} {[%emt 00:01:46]} exf4 {[%clk 00:51:02]} {[%emt
00:01:45]} 20. Rxc6 {[%clk 00:44:28]} {[%emt 00:02:40]} Qd8 {[%clk 00:50:04]}
{[%emt 00:01:18]} 21. Qd2 {[%clk 00:38:52]} {[%emt 00:06:15]} Qxg5 {[%clk
00:48:50]} {[%emt 00:01:43]} 22. gxf4 {[%clk 00:32:10]} {[%emt 00:07:13]} Qa5
{[%clk 00:47:49]} {[%emt 00:01:23]} 23. b4 {[%clk 00:28:58]} {[%emt 00:03:50]}
Qxa2 {[%clk 00:42:30]} {[%emt 00:05:48]} 24. Rc2 {[%clk 00:28:30]} {[%emt
00:01:00]} Qa7 {[%clk 00:38:11]} {[%emt 00:04:41]} 25. Bxa8 {[%clk 00:27:45]}
{[%emt 00:01:22]} Qxa8 {[%clk 00:37:04]} {[%emt 00:01:36]} 26. Qxd6 {[%clk
00:24:49]} {[%emt 00:03:28]} Nf5 {[%clk 00:37:09]} {[%emt 00:00:24]} 27. Qd2
{[%clk 00:20:31]} {[%emt 00:04:48]} Nh4 {[%clk 00:36:43]} {[%emt 00:00:54]} 28.
Kf1 {[%clk 00:18:03]} {[%emt 00:03:01]} Nf3 {[%clk 00:36:31]} {[%emt 00:00:40]}
29. Qd1 {[%clk 00:17:10]} {[%emt 00:01:25]} Nxe1 {[%clk 00:35:05]} {[%emt
00:01:56]} 30. Kxe1 {[%clk 00:17:21]} {[%emt 00:00:19]} Qh1+ {[%clk 00:35:01]}
{[%emt 00:00:31]} 31. Ke2 {[%clk 00:17:26]} {[%emt 00:00:28]} Re8+ {[%clk
00:35:17]} {[%emt 00:00:13]} 32. Kd2 {[%clk 00:17:36]} {[%emt 00:00:20]} Rd8+
{[%clk 00:35:35]} {[%emt 00:00:11]} 33. Kc1 {[%clk 00:17:43]} {[%emt 00:00:24]}
Qxd1# {[%emt 00:00:39]} 0-1

[Event "ODJM C 2024"]
[Site "Willingen GER"]
[Date "2024.05.22"]
[Round "5"]
[White "Nguyen, Oliver Dung"]
[Black "Fischer, John"]
[Result "1/2-1/2"]
[Termination "normal"]
[Board "9"]
[WhiteElo "1017"]
[BlackElo "1614"]
[WhiteClock "00:17:55"]
[BlackClock "00:20:31"]
[PlyCount "67"]
[WhiteFideId "34664190"]
[BlackFideId "16268679"]
[EventCountry "GER"]
[EventRounds "9"]
[EventType "swiss"]
[EventDate "2024.05.18"]

1. e4 {[%clk 01:30:59]} d5 {[%clk 01:30:40]} {[%emt 00:00:20]} 2. exd5 {[%clk
01:31:23]} {[%emt 00:00:06]} Qxd5 {[%clk 01:30:57]} {[%emt 00:00:13]} 3. Nc3
{[%clk 01:31:48]} {[%emt 00:00:06]} Qa5 {[%clk 01:31:04]} {[%emt 00:00:23]} 4.
d4 {[%clk 01:32:12]} {[%emt 00:00:05]} Nf6 {[%clk 01:31:14]} {[%emt 00:00:20]}
5. Bd2 {[%clk 01:32:37]} {[%emt 00:00:05]} c6 {[%clk 01:31:04]} {[%emt
00:00:40]} 6. Bd3 {[%clk 01:33:02]} {[%emt 00:00:05]} Qc7 {[%clk 01:30:55]}
{[%emt 00:00:39]} 7. h3 {[%emt 00:05:21]} e6 {[%clk 01:20:53]} {[%emt
00:07:14]} 8. Nf3 {[%clk 01:25:23]} {[%emt 00:06:36]} Bd6 {[%clk 01:19:29]}
{[%emt 00:01:55]} 9. Qe2 {[%clk 01:23:54]} {[%emt 00:01:58]} Nbd7 {[%clk
01:17:53]} {[%emt 00:02:07]} 10. Ng5 {[%clk 01:16:27]} {[%emt 00:07:56]} Bf4
{[%clk 00:48:10]} {[%emt 00:30:12]} 11. Nge4 {[%clk 00:59:11]} {[%emt
00:17:47]} Bxd2+ {[%clk 00:42:29]} {[%emt 00:06:12]} 12. Qxd2 {[%clk 00:58:06]}
{[%emt 00:01:34]} O-O {[%clk 00:39:27]} {[%emt 00:03:33]} 13. O-O {[%clk
00:44:54]} {[%emt 00:13:41]} Qb6 {[%clk 00:31:21]} {[%emt 00:08:35]} 14. Nxf6+
{[%clk 00:44:15]} {[%emt 00:01:10]} Nxf6 {[%clk 00:31:33]} {[%emt 00:00:18]}
15. Na4 {[%clk 00:44:33]} {[%emt 00:00:11]} Qc7 {[%clk 00:30:41]} {[%emt
00:01:23]} 16. c3 {[%clk 00:38:00]} {[%emt 00:07:03]} e5 {[%clk 00:27:28]}
{[%emt 00:03:43]} 17. dxe5 {[%clk 00:35:01]} {[%emt 00:03:29]} Qxe5 {[%clk
00:27:23]} {[%emt 00:00:35]} 18. Rfe1 {[%clk 00:35:13]} {[%emt 00:00:18]} Qh5
{[%clk 00:27:25]} {[%emt 00:00:28]} 19. c4 {[%clk 00:31:27]} {[%emt 00:04:17]}
b5 {[%clk 00:24:12]} {[%emt 00:03:43]} 20. cxb5 {[%clk 00:28:39]} {[%emt
00:03:18]} cxb5 {[%clk 00:24:33]} {[%emt 00:00:09]} 21. Nc3 {[%clk 00:29:02]}
{[%emt 00:00:06]} a6 {[%emt 00:01:08]} 22. Re3 {[%clk 00:27:19]} {[%emt
00:01:15]} Qg5 {[%clk 00:24:03]} {[%emt 00:01:20]} 23. Rd1 {[%clk 00:26:30]}
{[%emt 00:01:19]} Bb7 {[%clk 00:24:04]} {[%emt 00:00:29]} 24. Be4 {[%clk
00:24:55]} {[%emt 00:02:05]} Nxe4 {[%clk 00:24:12]} {[%emt 00:00:23]} 25. Nxe4
{[%clk 00:25:20]} {[%emt 00:00:04]} Bxe4 {[%clk 00:24:34]} {[%emt 00:00:08]}
26. Rxe4 {[%clk 00:25:45]} {[%emt 00:00:05]} Qxd2 {[%clk 00:23:50]} {[%emt
00:01:14]} 27. Rxd2 {[%clk 00:26:10]} {[%emt 00:00:05]} f5 {[%clk 00:23:54]}
{[%emt 00:00:27]} 28. Re7 {[%clk 00:24:41]} {[%emt 00:01:58]} Rf7 {[%clk
00:22:43]} {[%emt 00:01:41]} 29. Re6 {[%clk 00:24:57]} {[%emt 00:00:13]} Rc7
{[%clk 00:21:53]} {[%emt 00:01:21]} 30. Rdd6 {[%emt 00:04:12]} Rca7 {[%clk
00:21:55]} 31. Re5 {[%clk 00:19:39]} {[%emt 00:02:34]} g6 {[%clk 00:22:08]}
{[%emt 00:00:17]} 32. g3 {[%clk 00:19:25]} {[%emt 00:00:44]} Kf7 {[%clk
00:21:24]} {[%emt 00:01:14]} 33. Rb6 {[%clk 00:18:25]} {[%emt 00:01:30]} Re8
{[%clk 00:20:31]} {[%emt 00:01:23]} 34. Rxe8 {[%clk 00:17:55]} {[%emt
00:01:00]} 1/2-1/2

[Event "ODJM C 2024"]
[Site "Willingen GER"]
[Date "2024.05.22"]
[Round "5"]
[White "Börner, Martha"]
[Black "Hellmann, Alexander"]
[Result "1/2-1/2"]
[Termination "normal"]
[Board "10"]
[WhiteElo "1197"]
[BlackElo "1524"]
[WhiteClock "01:29:07"]
[BlackClock "00:47:23"]
[PlyCount "40"]
[WhiteFideId "34665382"]
[BlackFideId "34612050"]
[EventCountry "GER"]
[EventRounds "9"]
[EventType "swiss"]
[EventDate "2024.05.18"]

1. e4 {[%clk 01:30:58]} e5 {[%clk 01:30:49]} {[%emt 00:00:11]} 2. Nf3 {[%clk
01:31:21]} {[%emt 00:00:07]} Nc6 {[%clk 01:31:12]} {[%emt 00:00:07]} 3. Bb5
{[%clk 01:31:46]} {[%emt 00:00:06]} Nf6 {[%clk 01:31:32]} {[%emt 00:00:09]} 4.
Nc3 {[%clk 01:32:11]} {[%emt 00:00:05]} a6 {[%clk 01:27:19]} {[%emt 00:04:44]}
5. Bxc6 {[%clk 01:32:29]} {[%emt 00:00:12]} dxc6 {[%clk 01:27:35]} {[%emt
00:00:14]} 6. O-O {[%clk 01:32:47]} {[%emt 00:02:25]} Bd6 {[%clk 01:17:53]}
{[%emt 00:08:00]} 7. h3 {[%clk 01:33:02]} {[%emt 00:00:13]} h5 {[%clk
01:17:41]} {[%emt 00:00:43]} 8. d3 {[%clk 01:33:15]} {[%emt 00:00:17]} Ng4
{[%clk 01:06:45]} {[%emt 00:11:27]} 9. hxg4 {[%clk 01:32:41]} {[%emt 00:01:03]}
hxg4 {[%clk 01:07:00]} {[%emt 00:00:14]} 10. Ng5 {[%clk 01:33:00]} {[%emt
00:00:10]} Rh5 {[%clk 01:05:23]} {[%emt 00:02:08]} 11. g3 {[%clk 01:31:12]}
{[%emt 00:02:19]} Ke7 {[%clk 00:54:09]} {[%emt 00:11:44]} 12. Kg2 {[%clk
01:29:36]} {[%emt 00:02:04]} f6 {[%clk 00:53:33]} {[%emt 00:01:07]} 13. Rh1
{[%clk 01:29:29]} {[%emt 00:00:37]} Qh8 {[%clk 00:53:30]} {[%emt 00:00:33]} 14.
Rxh5 {[%clk 01:29:00]} {[%emt 00:01:00]} Qxh5 {[%clk 00:53:45]} {[%emt
00:00:14]} 15. Qh1 {[%clk 01:29:05]} {[%emt 00:00:26]} Qxh1+ {[%clk 00:52:47]}
{[%emt 00:01:28]} 16. Kxh1 {[%clk 01:29:27]} {[%emt 00:00:07]} fxg5 {[%clk
00:53:00]} {[%emt 00:00:17]} 17. Bxg5+ {[%clk 01:29:46]} {[%emt 00:00:12]} Kf7
{[%clk 00:51:47]} {[%emt 00:01:43]} 18. Kg2 {[%clk 01:29:26]} {[%emt 00:00:49]}
Kg6 {[%clk 00:51:19]} {[%emt 00:00:59]} 19. Be3 {[%clk 01:29:09]} {[%emt
00:00:40]} Be6 {[%clk 00:50:49]} {[%emt 00:01:07]} 20. Rh1 {[%clk 01:29:07]}
{[%emt 00:00:30]} Bb4 {[%clk 00:47:23]} {[%emt 00:03:57]} 1/2-1/2